| 000 | 00623nam a2200205Ia 4500 | ||
|---|---|---|---|
| 003 | GCL | ||
| 008 | 140319s9999 xx 000 0 ara d | ||
| 040 |
_aGCL / _cGCL |
||
| 082 | 0 | 4 |
_a636.08 _bا ن |
| 100 | 1 | _aاحمد مستجير | |
| 245 | 1 | 0 |
_aالنواحى التطبيقية فى تحسين الحيوان والدواجن / _cاحمد مستجير |
| 300 | _a125 ص | ||
| 490 | _a | ||
| 650 | 0 | 4 | _aالاجنة |
| 650 | 0 | 4 | _aالانتاج الحيوانى |
| 650 | 0 | 4 | _aالحيوان، علم |
| 650 | 0 | 4 | _aالحيوانات المزرعة |
| 650 | 0 | 4 | _aالحيوانات - تربية |
| 942 |
_2ddc _cBK |
||
| 999 |
_c39474 _d39474 |
||